Vista normal
Vista MARC
Entrada Nombre personal
Número de registros utilizados en: 9
001 - NÚMERO DE CONTROL
- Campo de control: 5792
003 - IDENTIFICADOR DE NÚMERO DE CONTROL
- Campo de control: ES-MaCES
005 - FECHA Y HORA DE LA ULTIMA MODIFICACION
- Campo de control: 19991118150800.0
008 - ELEMENTOS DE DATOS DE LONGITUD FIJA
- Campo de longitud fija: 981124 | azznnaabn |n aaa d
035 ## - NÚMERO DE CONTROL DEL SISTEMA
- Número de control del sistema: CES19980060332n
040 ## - FUENTE DE LA CATALOGACIÓN
- Agencia original de catalogación: ES-MaCES
- Idioma de catalogación: spa
- Agencia de transcripción: ES-MaCES
100 1# - ENCABEZAMIENTO--NOMBRE DE PERSONA
- Nombre personal: Alberdi, Inés
670 ## - FUENTE DE DATOS ENCONTRADOS
- Fuente de citación: Bibliografía Nacional
901 ## - CES. DATOS SIRTEX
- ID Sirtex (N5N8): 0001500006033
- 005BIS Sirtex: 199811241410MIG

